LIBRARY & INFORMATION CENTRE, KCAET, TAVANUR

ONLINE PUBLIC ACCESS CATALOGUE (OPAC)

Fluid mechanics / (Record no. 10408)

MARC details
000 -LEADER
fixed length control field 00466cam a2200205ua 4500
041 ## - LANGUAGE CODE
Language code of text/sound track or separate title eng
082 ## - DEWEY DECIMAL CLASSIFICATION NUMBER
Classification number 532
Item number JAI/FL
100 ## - MAIN ENTRY--AUTHOR NAME
Personal name Jain, A K .
245 ## - TITLE STATEMENT
Title Fluid mechanics /
250 ## - EDITION STATEMENT
Edition statement 8 /
260 ## - PUBLICATION, DISTRIBUTION, ETC. (IMPRINT)
Place of publication Delhi :
Name of publisher Khanna publishers ,
Year of publication 1995.
300 ## - PHYSICAL DESCRIPTION
Number of Pages 926 ; .
500 ## - GENERAL NOTE
General note *CSS
942 ## - ADDED ENTRY ELEMENTS (KOHA)
Koha item type Books
Holdings
Withdrawn status Lost status Damaged status Home library Current library Date acquired Full call number Accession Number Koha item type Shelving location
Withdrawn     KAUAET KAUAET 07/04/2012 532 JAI/FL 19316 Books  
      KAUAET KAUAET 07/04/2012 532 JAI/FL 19313 Books Binding Shelf
free website counter